Psychologie sociale

Gespeichert in:
Bibliographische Detailangaben
1. Verfasser: Delouvée, Sylvain
Format: Buch
Sprache:Französisch
Veröffentlicht: Malakoff Dunod 2013
Ausgabe:2e éd. revue et corrigée
Schriftenreihe:Manuels visuels de licence
Schlagworte:
Tags: Tag hinzufügen
Keine Tags, Fügen Sie das erste Tag hinzu!

MARC

LEADER 00000nam a2200000 4500
001 0235018
005 20240313133437.4
020 |a 978-2-10-059314-9 
041 0 |a fre 
044 |a FR 
245 1 0 |a Psychologie sociale  |c Sylvain Delouvée 
250 |a 2e éd. revue et corrigée 
264 1 |a Malakoff  |b Dunod  |c 2013 
300 |a ix, 221 s. 
490 1 |a Manuels visuels de licence 
830 0 |a Manuels visuels de licence 
610 2 0 |a psychológia sociálna 
610 2 0 |a správanie sociálne 
610 2 0 |a sociológia psychologická 
610 2 0 |a komunikácia sociálna 
610 2 0 |a štúdie prípadové 
100 1 |a Delouvée, Sylvain